| 000 | 00378nam a2200133Ia 4500 | ||
|---|---|---|---|
| 999 |
_c8697 _d8697 |
||
| 020 | _a9780520276352 | ||
| 082 | _a301.092 MOR-; | ||
| 100 | _aMorris, Aldon D. | ||
| 245 | 0 | _aScholar denied: W.E.B. Du Bois and the birth of modern sociology | |
| 260 |
_aOakland _bUniversity of California Press _c2015 |
||
| 300 | _axxvii, 282p | ||
| 650 | _aSOCIOLOGY - UNITED STATES | ||
| 942 | _cBK | ||